Effects of online education in the mathematics performance of grade 7 stuents at glgmnhs (Record no. 79889)
[ view plain ]
| 000 -LEADER | |
|---|---|
| fixed length control field | 01753nam a22002777a 4500 |
| 003 - CONTROL NUMBER IDENTIFIER | |
| control field | URS |
| 005 - DATE AND TIME OF LATEST TRANSACTION | |
| control field | 20240511001123.0 |
| 008 - FIXED-LENGTH DATA ELEMENTS--GENERAL INFORMATION | |
| fixed length control field | 240511b |||||||| |||| 00| 0 eng d |
| 050 00 - LIBRARY OF CONGRESS CALL NUMBER | |
| Classification number | LG 221.R59 AL147 |
| Item number | 2023 |
| 100 1# - MAIN ENTRY--PERSONAL NAME | |
| Personal name | Alberto, Jerylie, R. |
| Relator term | Researcher |
| 245 ## - TITLE STATEMENT | |
| Title | <a href="Effects of online education in the mathematics performance of grade 7 stuents at glgmnhs">Effects of online education in the mathematics performance of grade 7 stuents at glgmnhs</a> |
| Statement of responsibility, etc | Alberto, Jerylie, R.; [et,...al] |
| 260 #1 - PUBLICATION, DISTRIBUTION, ETC. (IMPRINT) | |
| Date of publication, distribution, etc | 2023 |
| 300 ## - PHYSICAL DESCRIPTION | |
| Extent | xiii, 67 leaves |
| Other physical details | illustrations |
| Dimensions | 28 cm |
| 336 ## - CONTENT TYPE | |
| Source | text |
| Content type term | rdacontent |
| 337 ## - MEDIA TYPE | |
| Source | rdamedia |
| Media type term | unmediated |
| 338 ## - CARRIER TYPE | |
| Source | rdacarrier |
| Carrier type term | volume |
| 502 ## - DISSERTATION NOTE | |
| Dissertation note | Undergraduate thesis<br/> |
| Degree type | Bachelor of Secondary Education in Mathematics |
| Name of granting institution | University of Rizal System, Rodriguez, Rizal |
| Year degree granted | 2023 |
| 520 ## - SUMMARY, ETC. | |
| Summary, etc | This study aimed to determine the Effects of Online Education in the Mathematics Performance of Grade 7 Students at GLGMNHS in terms of student's performance through attendance, activities, recitation, and assessments<br/><br/>The respondents of the study were the grade 7 students who took Online Distance Learning (ODL) in General Licerio Geronimo Memorial National High School. The researchers used 20 item questionnaire checklist, and interview guide to gather data. For accuracy and appropriateness in the analysis and interpretation of data, descriptive statistics such as frequency, ranking, percentage, and mean were utilized Also, inferential statistics such as the t-test and ANOVA were used with the help of a statistician<br/> |
| 650 ## - SUBJECT ADDED ENTRY--TOPICAL TERM | |
| Source of heading or term | online education |
| 700 ## - ADDED ENTRY--PERSONAL NAME | |
| Personal name | Alberto, Jerylie, R. |
| Relator term | Researcher |
| 700 ## - ADDED ENTRY--PERSONAL NAME | |
| Personal name | Aquino, Allen Gail, P. |
| Relator term | Researcher |
| 700 ## - ADDED ENTRY--PERSONAL NAME | |
| Personal name | Sionilo, Alyssa, A. |
| Relator term | Researcher |
| 700 ## - ADDED ENTRY--PERSONAL NAME | |
| Personal name | Cayetano, Christian, B. |
| Relator term | Researcher |
| 700 ## - ADDED ENTRY--PERSONAL NAME | |
| Personal name | Llarenas MAT, Emmanuel, M. |
| Relator term | Adviser |
| 942 ## - ADDED ENTRY ELEMENTS (KOHA) | |
| Source of classification or shelving scheme | Library of Congress Classification |
| Koha item type | Theses and dissertations |
| Withdrawn status | Source of classification or shelving scheme | Damaged status | Not for loan | Home library | Current library | Shelving location | Date acquired | Total Checkouts | Full call number | Barcode | Date last seen | Price effective from | Koha item type |
|---|---|---|---|---|---|---|---|---|---|---|---|---|---|
| Library of Congress Classification | Not For Loan | Rodriguez College Library | Rodriguez College Library | Undergraduate Theses | 04/03/2024 | LG 221.R59 AL147 2023 | URSROD-UGT-MATH-0751 | 05/11/2024 | 05/11/2024 | Theses and dissertations |